000
00298cam a22001097a 4500
008
180718b1947 xxu||||| |||| 00| 0 eng d
082
_a
T19x43 St68
100
_a
Stolper, Gustav
245
_a
German realities
_c
by Gustav Stolper
260
_a
New York
_b
Reynal and Hitchcock
_c
1947
300
_a
x,341p.
999
_c
436002
_d
436002